<?xml version="1.0" encoding="UTF-8"?>
<record
    xmlns:xsi="http://www.w3.org/2001/XMLSchema-instance"
    xsi:schemaLocation="http://www.loc.gov/MARC21/slim http://www.loc.gov/standards/marcxml/schema/MARC21slim.xsd"
    xmlns="http://www.loc.gov/MARC21/slim">

  <leader>00421nam a2200157Ia 4500</leader>
  <controlfield tag="008">230718s9999    xx            000 0 und d</controlfield>
  <datafield tag="041" ind1=" " ind2=" ">
    <subfield code="a">eng</subfield>
  </datafield>
  <datafield tag="082" ind1=" " ind2=" ">
    <subfield code="a">610.69'6</subfield>
    <subfield code="b">KAM</subfield>
  </datafield>
  <datafield tag="100" ind1=" " ind2=" ">
    <subfield code="a">Kameth M.V.</subfield>
    <subfield code="9">166675</subfield>
  </datafield>
  <datafield tag="245" ind1=" " ind2=" ">
    <subfield code="a">Vntold Stories Doctors And Patients</subfield>
  </datafield>
  <datafield tag="260" ind1=" " ind2=" ">
    <subfield code="c">1993</subfield>
    <subfield code="b">Ubspd</subfield>
  </datafield>
  <datafield tag="300" ind1=" " ind2=" ">
    <subfield code="a">262</subfield>
  </datafield>
  <datafield tag="365" ind1=" " ind2=" ">
    <subfield code="c">Rs.</subfield>
    <subfield code="b">125.00</subfield>
  </datafield>
  <datafield tag="700" ind1=" " ind2=" ">
    <subfield code="a">Kameth M.V. &amp; Karmarkar R.</subfield>
    <subfield code="9">186661</subfield>
  </datafield>
  <datafield tag="906" ind1=" " ind2=" ">
    <subfield code="d">B:195109-Oct-1999</subfield>
    <subfield code="c">OTH</subfield>
    <subfield code="b">18.75</subfield>
  </datafield>
  <datafield tag="999" ind1=" " ind2=" ">
    <subfield code="c">299531</subfield>
    <subfield code="d">299531</subfield>
  </datafield>
  <datafield tag="952" ind1=" " ind2=" ">
    <subfield code="0">0</subfield>
    <subfield code="1">0</subfield>
    <subfield code="4">0</subfield>
    <subfield code="7">0</subfield>
    <subfield code="a">CCEP</subfield>
    <subfield code="b">CCEP</subfield>
    <subfield code="d">1999-10-22</subfield>
    <subfield code="e">Tbs</subfield>
    <subfield code="f">OTH</subfield>
    <subfield code="g">106.25</subfield>
    <subfield code="i">1951</subfield>
    <subfield code="l">0</subfield>
    <subfield code="o">610.69'6</subfield>
    <subfield code="p">CCEP-BK-10737</subfield>
    <subfield code="r">2023-07-18 00:00:00</subfield>
    <subfield code="t">18.75</subfield>
    <subfield code="v">125.00</subfield>
    <subfield code="w">1999-10-09</subfield>
    <subfield code="y">BK</subfield>
    <subfield code="z">010737</subfield>
  </datafield>
</record>
